Cuarto congreso internacional de la fruta: fourth international winter fruit congress

Uloženo v:
Podrobná bibliografie
Korporativní autor: Fundación Chile (Autor)
Médium: Kniha
Jazyk:španělština
Vydáno: Santiago Fundación Chile 1992
Témata:
Tagy: Přidat tag
Žádné tagy, Buďte první, kdo vytvoří štítek k tomuto záznamu!

MARC

LEADER 00000nam a2200000 a 4500
001 UCR4078
003 CL-VaPUC
008 980307e19920000CL |||||||||||||||||spa|d
082 0 4 |a 658.848  |b FUN  |2 21 
110 2 |a Fundación Chile  |e author  |9 403656 
245 1 0 |a Cuarto congreso internacional de la fruta: fourth international winter fruit congress 
300 |a 18 p 
942 |c BK 
945 |d 19980307 00:00:00  |a rleighto 
260 |a Santiago  |b Fundación Chile  |c 1992 
650 0 |a Fruticultura  |9 259678 
650 7 |a INDUSTRIA FRUTICOLA  |2 CL-VaPUC  |9 403657 
650 7 |a MERCADOS INTERNACIONALES  |2 CL-VaPUC  |9 403658 
650 0 |a Agroindustrias  |9 376001 
650 0 |a Exportación  |9 351066 
650 0 |a Cultivos  |9 264356 
650 0 |a Agroeconomía   |9 403635 
650 7 |a TRANSPORTE  |2 CL-VaPUC  |9 256365 
650 7 |a FRIGORIZACION  |2 CL-VaPUC  |9 403659 
583 |a last modification  |c 19980307 00:00:00  |k Rodrigo Vera 
999 |c 267032  |d 267030